Les villes qui ont accueilli une finale de Coupe du monde de football - Statistiques

Statistiques générales
  • Ce quiz a été pris 684 fois
    677 depuis la dernière actualisation
  • Le résultat moyen est 17 sur 22
Statistiques - réponses
Edition Ville hôte de la finale % Correct
1998 Saint-Denis
99%
1938 Colombes
98%
2018 Moscou
95%
1950 Rio de Janeiro
95%
2014 Rio de Janeiro
95%
2006 Berlin
93%
1934 Rome
90%
1990 Rome
90%
1966 Londres
88%
1982 Madrid
87%
1978 Buenos Aires
83%
1970 Mexico
81%
1986 Mexico
81%
1930 Montevideo
81%
2022 Lusail
78%
1958 Stockholm
66%
1994 Pasadena
63%
2010 Johannesbourg
61%
1974 Munich
61%
1954 Berne
59%
1962 Santiago
56%
2002 Yokohama
27%
Aucun quiz correspondant
Distribution des résultats
% des personnes avec chaque résultat
Percentile par nombre de réponses
Votre historique - résultats
Vous n’avez pas pris ce quiz depuis la dernière actualisation